000
00306nam a22001217a 4500
082
_a
T-187
100
_a
Muhammad Irshad
_9
34812
245
_a
Mangement of conflct induced internally displaced person
260
_a
Risalpur,
_b
MCE,
_c
2015.
300
_a
73p.
526
_a
0
_b
0
_c
0
_d
T_187
942
_2
ddc
_c
BK
999
_c
553568
_d
553568